000 00697 a2200193 4500
020 _a0521064066
020 _a9780521064064
082 _a515.7248
090 _c1131
_d1131
100 1 _aGoebel, Kazimierz.
245 1 0 _aTopics in metric fixed point theory /
_cKazimierz Goebel, W. A. Kirk.
260 _a[S.l.] :
_bCambridge University Press,
_c1990.
300 _a256 p. ;
_c23 cm.
490 1 _aCambridge studies in advanced mathematics.
700 1 _aKirk, W. A.
830 0 _aCambridge studies in advanced mathematics.
942 _aSNS
_cBK
_k515.7248 GOE
999 _c29745
_d29745